Biblioteca da Unidade Pastoral de Sintra

Cristo, vida do homem de hoje (Registo nº 1138)

000 -Record Label
fixed length control field 00730cam a22002531 04500
005 - Version Identifier
control field 20161004174408.0
035 ## - Other System Control Numbers
System Control Number (bn)678863
100 ## - General Processing Data
General Processing Data 19920714d197 m y0pory5003 ba
101 1# - Language of the Resource
Language of Original Work ita
200 1# - Title and Statement of Responsibility
Title Proper Cristo, vida do homem de hoje
First Statement of Responsibility Paulo VI
Subsequent Statement of Responsibility compil. Virgílio Levi
-- trad. Marques Gastão
210 ## - Publication, Distribution, etc.
Place of Publication, Distribution, etc. Lisboa
Name of Publisher, Distributor, etc. Livros do Brasil,
Date of Publication, Distribution, etc. [s.d.]
215 ## - Physical Description
Specific Material Designation and Extent of Item 327[8] p.
Dimensions 22 cm
225 2# - Series
Series Title Vida e cultura
Volume Designation 34
600 ## - Personal Name Used as Subject
Entry Element Paulo VI
601 ## - Corporate Body Name Used as Subject
Entry Element Livros do Brasil,
675 ## - Universal Decimal Classification (UDC)
Number 232
Edition BN
Language of Edition por
675 ## - Universal Decimal Classification (UDC)
Number 262.13
Edition UPS
Language of Edition por
702 #1 - Personal Name - Secondary Responsibility
Entry Element Levi,
Part of Name Other than Entry Element Virgílio
Relator Code 220
702 #1 - Personal Name - Secondary Responsibility
Entry Element Gastão,
Part of Name Other than Entry Element Marques,
Dates 1914-
Relator Code 730
710 02 - Corporate Body Name - Primary Responsibility
Entry Element Igreja Católica.
Subdivision Papa,
Addition to Name or Qualifier 1963-1978 (Paulo VI)
801 #0 - Originating Source
Country PT
Agency BN
Cataloguing Rules (Descriptive Conventions) RPC
090 ## - System Control Numbers (Koha)
Koha biblioitem number (autogenerated) 1138
942 ## - ADDED ENTRY ELEMENTS (KOHA)
Koha item type Books
Exemplares
Origin of item (home branch) (free text) Type of item and material Lost status Lending or holding organisation (holding branch) code Call number (full call number) Withdrawn status Origin of item (home branch (coded) Coded location qualifier Circulation type (not for loan)
UPSBooks Biblioteca da Unidade Pastoral de Sintra262.13 PAU 892 Biblioteca da Unidade Pastoral de Sintra2016-10-04 

Powered by Koha